Introducción a la historia de la revolución francesa

Saved in:
Bibliografiske detaljer
Hovedforfatter: Vovelle, Michel (Author)
Format: Bog
Sprog:spansk
Udgivet: Barcelona Crítica 1981
Serier:Estudios y Ensayos, 83
Fag:
Tags: Tilføj Tag
Ingen Tags, Vær først til at tagge denne postø!

MARC

LEADER 00000nam a2200000 a 4500
001 UCP6361
003 CL-VaPUC
008 991022e19810000SP |||||||||||||||||spa|d
082 0 4 |a 944.04  |b VOV  |2 21 
100 0 |a Vovelle, Michel  |e author  |9 435458 
245 1 0 |a Introducción a la historia de la revolución francesa 
300 |a 215 p 
942 |c BK 
945 |d 19991022 00:00:00  |a lriquelm 
260 |a Barcelona  |b Crítica  |c 1981 
500 |a Incluye cronología de la Revolución Francesa 
650 0 |a Historia  |9 255047 
650 7 |a REVOLUCION 1789-1799  |2 CL-VaPUC  |9 435459 
650 0 |a Revolución francesa  |9 324244 
650 0 |a Historiografía   |9 257871 
651 0 |a Francia  |9 255157 
583 |a last modification  |c 19991022 00:00:00  |k Rodrigo Vera 
490 0 |a Estudios y Ensayos, 83 
999 |c 283948  |d 283946 
952 |0 0  |1 0  |4 0  |6 944_040000000000000_VOV_1981  |7 0  |8 A  |9 327508  |a BIBHIS  |b BIBHIS  |d 2019-11-20  |i 1383213  |l 1  |o 944.04 VOV 1981  |p 1383213  |r 2025-01-20  |s 2023-04-25  |w 2019-11-20  |y BK  |k HIS